The politics of money
Shranjeno v:
| Glavni avtor: | |
|---|---|
| Format: | Knjiga |
| Jezik: | Undetermined |
| Izdano: |
London
John Murray
1970
|
| Teme: | |
| Oznake: |
Označite
Brez oznak, prvi označite!
|
| Thư viện lưu trữ: | Trung tâm Học liệu Trường Đại học Cần Thơ |
|---|
| LEADER | 00511nam a2200193Ia 4500 | ||
|---|---|---|---|
| 001 | CTU_82289 | ||
| 008 | 210402s9999 xx 000 0 und d | ||
| 082 | |a 332.4 | ||
| 082 | |b J66 | ||
| 100 | |a Johnson, Brian | ||
| 245 | 4 | |a The politics of money | |
| 245 | 0 | |c Brian Johnson | |
| 260 | |a London | ||
| 260 | |b John Murray | ||
| 260 | |c 1970 | ||
| 650 | |a International finance,Monetary policy | ||
| 650 | |z Great britain | ||
| 904 | |i Trọng Hải | ||
| 980 | |a Trung tâm Học liệu Trường Đại học Cần Thơ | ||